<?xml version="1.0" encoding="UTF-8"?><collection xmlns="info:lc/xmlns/marcxchange-v2"><record format="Unimarc" type="bibliographic"><leader>00635cam 02200229  04500</leader><controlfield tag="001">1984250</controlfield><controlfield tag="003">http://id.bnportugal.gov.pt/bib/porbase/1984250</controlfield><controlfield tag="005">20030503104700.0</controlfield><datafield ind1=" " ind2=" " tag="010"><subfield code="a">0-387-90419-0</subfield></datafield><datafield ind1=" " ind2=" " tag="035"><subfield code="2">41362</subfield></datafield><datafield ind1=" " ind2=" " tag="095"><subfield code="a">PTBN00249961</subfield></datafield><datafield ind1=" " ind2=" " tag="100"><subfield code="a">19890313e19861980k  y0pora0103    ba</subfield></datafield><datafield ind1="0" ind2=" " tag="101"><subfield code="a">eng</subfield></datafield><datafield ind1=" " ind2=" " tag="102"><subfield code="a">US</subfield></datafield><datafield ind1="1" ind2=" " tag="200"><subfield code="a">Differential analysis on complex manifolds</subfield></datafield><datafield ind1=" " ind2=" " tag="210"><subfield code="a">New York</subfield><subfield code="c">Springer</subfield><subfield code="d">1986 reprint</subfield></datafield><datafield ind1=" " ind2=" " tag="215"><subfield code="a">X, 260 p.</subfield></datafield><datafield ind1=" " ind2=" " tag="675"><subfield code="a">514.7</subfield><subfield code="v">med</subfield><subfield code="z">eng</subfield><subfield code="3">305057</subfield></datafield><datafield ind1=" " ind2=" " tag="675"><subfield code="a">517.954</subfield><subfield code="v">med</subfield><subfield code="z">eng</subfield><subfield code="3">359392</subfield></datafield><datafield ind1=" " ind2=" " tag="675"><subfield code="a">515.16</subfield><subfield code="v">med</subfield><subfield code="z">eng</subfield><subfield code="3">399359</subfield></datafield><datafield ind1=" " ind2="1" tag="700"><subfield code="a">Wells Jr.</subfield><subfield code="b">Raymond O'Neil</subfield><subfield code="3">1536283</subfield></datafield><datafield ind1=" " ind2="0" tag="801"><subfield code="a">PT</subfield><subfield code="b">BN</subfield><subfield code="g">RPC</subfield></datafield><datafield ind1=" " ind2=" " tag="977"><subfield code="1">G. 10.14</subfield><subfield code="2">coop</subfield><subfield code="4">UCMA</subfield><subfield code="6">mq370849</subfield><subfield code="7">bc</subfield><subfield code="8">coop</subfield><subfield code="9">UCMA</subfield><subfield code="b">14908</subfield><subfield code="k">0</subfield></datafield><datafield ind1=" " ind2=" " tag="998"><subfield code="a">UCMA3 - 00113</subfield></datafield></record></collection>